000 02933cjm a2200601 i 4500
001 193994
003 SpMaBN
005 20250904042247.0
007 sd*fsngnnmmned
008 240209s2006 sp opn d / fre
015 _aSON06
017 _aM 48033-2006
_bOficina Depósito Legal Madrid
020 _a9788493542832
035 _a(OCoLC)431145768
040 _aSpMaBN
_bspa
_cSpMaBN
_erdc
100 1 _aBizet, Georges,
_d1838-1875
_0XX911734
_9240503
_ecmt
240 1 0 _aCarmen
245 1 0 _aCarmen /
_cBizet ; libreto de Henri Meilhac y Ludovic Halévy
_h[Grabación sonora]
260 _aMadrid :
_bPrisa Innova,
_cD.L. 2006
264 _a©2007
300 _a2 discos (CD Audio) +
_e1 libro (92 páginas)
336 _2rdacontent
_amúsica (interpretada)
337 _2rdamedia
_aaudio
338 _2rdacarrier
_avolumen
490 1 _aLos clásicos de la ópera, 400 años ;
_v2
500 _aRemasterizado
511 1 _aGiulietta Simionato, Nicolai Gedda, Hilde Güden, Michel Roux, Graziella Sciutti, Luisa Ribacchi, Gino del Signore, Mario Carlin, Enzo Sordello, Frederick Guthrie ; Orquesta Sinfónica de Viena ; Herbert von Karajan, director musical.
518 _aGrabado en el Musikverein de Viena en octubre de 1954
520 _aPuede decirse de Carmen que es la más española de las óperas, y a la vez la más francesa. Una obra que contiene todos los tópicos hispanos —la gitana, el torero, los contrabandistas...— y que, gracias a una música absolutamente genial, ha traspasado las fronteras territoriales para convertirse en un mito de alcance universal, como Don Juan o Fausto.
650 7 _aÓperas-
_9137584
_vLibretos
655 7 _aLibretos
_2
_9242219
700 1 _aMeilhac, Henri,
_d1831-1897
_9235569
_elbt
700 1 _aHalévy, Ludovic,
_d1834-1908
_9240505
_elbt
700 1 _aSimionato, Giulietta,
_d1910-2010
_9235571
_eprf
700 1 _aGedda, Nicolai,
_d1925-2017
_9235572
_eprf
700 1 _aGüden, Hilde,
_d1917-1988
_9235573
_eprf
700 1 _aRoux, Michel,
_d1924-1998
_9235574
_eprf
700 1 _aSciutti, Graziella,
_d1932-2001
_9235575
_eprf
700 1 _aRibacchi, Luisa
_9235576
_eprf
700 1 _aSignore, Gino del,
_d1906-1978
_9235577
_eprf
700 1 _aCarlin, Mario,
_d1915-1984
_9235578
_eprf
700 1 _aSordello, Enzo
_9235579
_eprf
700 1 _aGuthrie, Frederick
_9235580
_eprf
700 1 _aKarajan, Herbert von,
_d1908-1989
_9235581
_emsd
710 2 _aWiener Symphoniker
_9235582
852 _aES-MaACL
_bR.155013
_cDEPOJ
_jN-9797
_xEncuadernación cartoné
_hDonación: Miren Fernández
_pVolumen 2
_9205565
903 _aFernández, Miren
_ednr
942 _cMONOGRAFIA
_n0
999 _c193994
_d193994